Chaperone coexpression plasmids : Differential and synergistic roles of DnaK-DnaJ-GrpE and GroEL-GroES in assisting folding of an allergen of Japanese cedar pollen, Cryj2, in escherichia coli /
Wedi'i Gadw mewn:
| Awduron Eraill: | , , , , |
|---|---|
| Fformat: | Erthygl |
| Iaith: | English |
| Pynciau: | |
| Tagiau: |
Ychwanegu Tag
Dim Tagiau, Byddwch y cyntaf i dagio'r cofnod hwn!
|
| Thư viện lưu trữ: | Thư viện Trường Đại học Đà Lạt |
|---|
| LEADER | 01170nam a2200361 4500 | ||
|---|---|---|---|
| 001 | DLU090091482 | ||
| 005 | ##20091201 | ||
| 040 | # | # | |a DLU |b eng |
| 041 | # | # | |a eng |
| 044 | # | # | |a us |
| 245 | # | # | |a Chaperone coexpression plasmids : Differential and synergistic roles of DnaK-DnaJ-GrpE and GroEL-GroES in assisting folding of an allergen of Japanese cedar pollen, Cryj2, in escherichia coli / |c Kazuyo Nishihara ... [et al.]. |
| 653 | # | # | |a Allergen |
| 653 | # | # | |a Chaperone |
| 653 | # | # | |a Escherichia coli |
| 653 | # | # | |a Gene expression |
| 653 | # | # | |a Plasmids |
| 653 | # | # | |a Recombinant protein |
| 653 | # | # | |a Stability |
| 700 | # | # | |a Kanemori, Masaaki. |
| 700 | # | # | |a Kitagawa, Masanari. |
| 700 | # | # | |a Nishihara, Kazuyo. |
| 700 | # | # | |a Yanagi, Hideki. |
| 700 | # | # | |a Yura, Takashi. |
| 773 | # | # | |t Applied and Environmental Microbiology |g Vol. 64, no. 5 (May 1998), p. 1694-1699 |
| 920 | # | # | |a Phòng Tạp chí -- Trung tâm Thông tin - Thư viện Trường Đại học Đà Lạt |
| 994 | # | # | |a DLU |
| 900 | # | # | |a True |
| 911 | # | # | |a Trương Bảo Trâm Anh |
| 925 | # | # | |a G |
| 926 | # | # | |a A |
| 927 | # | # | |a BB |
| 980 | # | # | |a Thư viện Trường Đại học Đà Lạt |